Simón Bolívar : (Record no. 21953)

MARC details
000 -LEADER
campo de control de longitud fija 00767cam a2200217 i 4500
001 - NÚMERO DE CONTROL
campo de control 110989
005 - FECHA Y HORA DE LA ÚLTIMA TRANSACCIÓN
campo de control 20230410103604.0
008 - DATOS DE LONGITUD FIJA--INFORMACIÓN GENERAL
campo de control de longitud fija 130712b2007 ve a 000 0 spa
041 0# - CÓDIGO DE IDIOMA
Código de lengua del texto/banda sonora o título independiente spa
050 14 - SIGNATURA TOPOGRÁFICA DE LA BIBLIOTECA DEL CONGRESO
Número de clasificación 120 F 2235.3
Número de ítem B689 2007
245 00 - MENCIÓN DEL TÍTULO
Título Simón Bolívar :
Resto del título o libertador /
Mención de responsabilidad, etc. prólogo Augusto Mijares; compilacao, notas e cronologia Manuel Pérez Vila
260 ## - PUBLICACIÓN, DISTRIBUCIÓN, ETC.
Lugar de publicación, distribución, etc. Caracas, Venezuela :
Nombre del editor, distribuidor, etc. Biblioteca Ayacucho,
Fecha de publicación, distribución, etc. 2007
300 ## - DESCRIPCIÓN FÍSICA
Extensión xxx, 349 p.
600 10 - PUNTO DE ACCESO ADICIONAL DE MATERIA--NOMBRE DE PERSONA
Nombre de persona Bolívar, Simón,
Fechas asociadas al nombre 1783-1830.
650 #0 - PUNTO DE ACCESO ADICIONAL DE MATERIA--TÉRMINO DE MATERIA
Término de materia o nombre geográfico como elemento de entrada Heads of state
Subdivisión geográfica South America
Subdivisión de forma Biography.
650 #4 - PUNTO DE ACCESO ADICIONAL DE MATERIA--TÉRMINO DE MATERIA
Término de materia o nombre geográfico como elemento de entrada Jefes de estado
Subdivisión geográfica América del Sur
Subdivisión de forma Biografía
600 14 - PUNTO DE ACCESO ADICIONAL DE MATERIA--NOMBRE DE PERSONA
Nombre de persona Bolívar, Simón, 1783-1830
Subdivisión de forma Biografías.
700 1# - ENTRADA AGREGADA--NOMBRE PERSONAL
Nombre de persona Mijares, Augusto
Término indicativo de función/relación prol.
700 1# - ENTRADA AGREGADA--NOMBRE PERSONAL
Nombre de persona Pérez Vila, Manuel
Término indicativo de función/relación comp.
942 ## - ELEMENTOS DE ENTRADA SECUNDARIOS (KOHA)
Fuente del sistema de clasificación o colocación Clasificación de Library of Congress
Tipo de ítem Koha
Holdings
Estatus retirado Estado de pérdida Fuente del sistema de clasificación o colocación Estado de daño No para préstamo Colección Biblioteca de origen Biblioteca actual Ubicación en estantería Fecha de adquisición Serial enumeration / chronology Signatura topográfica completa Código de barras Visto por última vez Copia número Tipo de ítem Koha
    Clasificación de Library of Congress     Recursos Regionales Biblioteca Juan Bosch Biblioteca Juan Bosch Recursos Regionales (2do. Piso) 10/04/2023 1 120 F 2235.3 B689 2007 00000065232 23/10/2018 1